000
00287nam a2200109Ia 4500
008
200302s9999 xx 000 0 und d
100
_a
Richard T. Legates and Others
245
_a
The City Reader 5th ed.,
260
_b
Routledge Taylor & Francis Group
260
_c
2011
300
_a
624 P.,
999
_c
5779
_d
5779